|
|
|
|
| LEADER |
00000nam a22000005a 4500 |
| 003 |
CL-ChBUA |
| 005 |
20120815095548.0 |
| 008 |
120528s2005 sp ||||| |||| 000 ||spa |
| 020 |
|
|
|a 9788482674858
|
| 040 |
|
|
|a CL-ChBUA
|c CL-ChBUA
|
| 082 |
0 |
0 |
|a 262.14
|
| 090 |
|
|
|c 29535
|d 29535
|
| 100 |
1 |
|
|a Clouse, Bonnidell.,ed.
|
| 245 |
1 |
0 |
|a Mujeres en el ministerio ;
|b Cuatro puntos de vista
|
| 260 |
|
|
|a Barcelona
|b Clie
|c c2005
|
| 300 |
|
|
|a 236 p.
|c 23 cm.
|
| 504 |
|
|
|a índice, bibl.
|
| 650 |
|
4 |
|a MUJER - ORDENACION
|
| 650 |
|
4 |
|a MUJER - MINISTERIO
|
| 650 |
|
4 |
|a MUJERES EN EL CRISTIANISMO
|
| 700 |
1 |
|
|a Clouse, Robert.,ed.
|
| 942 |
|
|
|c LIB
|
| 952 |
|
|
|0 0
|1 0
|4 0
|7 0
|9 68979
|a UNACH
|b UNACH
|c 200
|d 2012-05-28
|i 48.641
|l 5
|o 262.14 / M 953
|p 70111
|r 2023-01-25 00:00:00
|s 2023-01-19
|u 68979
|w 2012-08-08
|y LIB
|k 262.14 / M 953
|
| 999 |
|
|
|c 29535
|d 29535
|